Central Library OPAC University of Rajshahi
Normal view MARC view

Entry Corporate Name

Number of records used in: 2

001 - CONTROL NUMBER

  • control field: 13114

003 - CONTROL NUMBER IDENTIFIER

  • control field: BD-RjUL

005 - DATE AND TIME OF LATEST TRANSACTION

  • control field: 20240521125218.0

008 - FIXED-LENGTH DATA ELEMENTS

  • fixed length control field: 240521|| aca||aabn | a|a d

040 ## - CATALOGING SOURCE

  • Original cataloging agency: BD-RjUL
  • Transcribing agency: BD-RjUL

110 ## - HEADING--CORPORATE NAME

  • Corporate name or jurisdiction name as entry element: Taraqqī-yi Urdū Biyūro (India)

670 ## - SOURCE DATA FOUND

  • Source citation: Work cat.: (BD-RjUL)83793: تالىف، ترقی اردو بىورو., Taraqqī-yi Urdū Biyūro (India) / Taraqqī-yi Urdū Biyūro tālīf 13110, درس بلاغت / Dars-i balāg̲h̲at /, 2000.